| 000 | 00000nam##2200000za#4500 |
| 001 | 9.693917 |
| 003 | CaOODSP |
| 005 | 20210624233900 |
| 007 | cr ||||||||||| |
| 008 | 150407|2010||||xxc|||||o f|0| 0 eng|d |
| 020 | |a978-1-100-17222-4 |
| 040 | |aCaOODSP|beng |
| 043 | |an-cn--- |
| 086 | 1 |aHP40-54/2010E-PDF |
| 110 | 2 |aPublic Health Agency of Canada. |
| 245 | 10|aInfection control guideline for the prevention of healthcare-associated pneumonia |h[electronic resource] |
| 260 | |aOttawa - Ontario : |bPublic Health Agency of Canada |cc2010. |
| 300 | |a258p.|bglossary, references, tables |
| 590 | |a12-25-Supp|b2012-06-04 |
| 690 | 07|aInfectious diseases|2gcpds |
| 775 | 08|tGuide de prévention de la pneumonie associée aux soins de santé |w(CaOODSP)9.638104 |
| 856 | 40|ahttp://publications.gc.ca|qPDF|s969 KB|uhttps://publications.gc.ca/collections/collection_2012/aspc-phac/HP40-54-2010-eng.pdf |